Ivonne Haza : (Record no. 58460)
[ view plain ]
| 000 -CABECERA | |
|---|---|
| campo de control de longitud fija | 01318nab a2200265 a 4500 |
| 005 - FECHA Y HORA DE LA ÚLTIMA TRANSACCIÓN | |
| campo de control | 20250318124922.0 |
| 007 - CAMPO FIJO DE DESCRIPCIÓN FÍSICA--INFORMACIÓN GENERAL | |
| campo de control de longitud fija | ta |
| 008 - DATOS DE LONGITUD FIJA--INFORMACIÓN GENERAL | |
| campo de control de longitud fija | 250318e1995 dr |||pdr||||||0| 0 spa d |
| 040 ## - FUENTE DE LA CATALOGACIÓN | |
| Centro catalogador/agencia de origen | DO-SdBNP |
| Centro/agencia transcriptor | BNPHU |
| Normas de descripción | rda |
| 041 ## - CÓDIGO DE LENGUA | |
| Código de lengua original | spa |
| 100 ## - ENTRADA PRINCIPAL--NOMBRE DE PERSONA | |
| Nombre de persona | Haza, Ivonne, |
| Títulos y otros términos asociados al nombre | "La Diva Dominicana". |
| 9 (RLIN) | 87231 |
| Fechas asociadas al nombre | 1938-2022 |
| 245 ## - MENCIÓN DE TÍTULO | |
| Título | Ivonne Haza : |
| Resto del título | quiero grabar su amplio repertorio / |
| Mención de responsabilidad, etc. | Ivonne Haza. |
| 264 ## - PRODUCCIÓN, PUBLICACIÓN, DISTRIBUCIÓN, FABRICACIÓN Y COPYRIGHT | |
| Producción, publicación, distribución, fabricación y copyright | Santo Domingo, República Dominicana : |
| Nombre del de productor, editor, distribuidor, fabricante | Vetas : de la cultura dominicana y El Caribe, |
| Fecha de producción, publicación, distribución, fabricación o copyright | 1995. |
| 300 ## - DESCRIPCIÓN FÍSICA | |
| Extensión | páginas 5-8 : |
| Otras características físicas | ilustraciones, fotografías ; |
| Dimensiones | 29 cm. |
| 336 ## - TIPO DE CONTENIDO | |
| Término de tipo de contenido | texto |
| Código de tipo de contenido | txt |
| Fuente | rdacontent |
| 337 ## - TIPO DE MEDIO | |
| Nombre/término del tipo de medio | sin mediación |
| Código del tipo de medio | n |
| Fuente | rdamedia |
| 338 ## - TIPO DE SOPORTE | |
| Nombre/término del tipo de soporte | volumen |
| Código del tipo de soporte | nc |
| Fuente | rdacarrier |
| 362 ## - FECHAS DE PUBLICACIÓN Y/O DESIGNACIÓN SECUENCIAL | |
| Fecha de publicación y/o designación secuencial | Año 2, no. 12, 1995. |
| 521 ## - NOTA DE PÚBLICO DESTINATARIO | |
| Nota de público destinatario | "La única pena que tengo es que nunca he grabado. Quisiera, verdaderamente, poder dejar grabada una cantidad de canciones, con todo el repertorio que tengo, por ejemplo, Ivonne les canta a los niños. Ivonne canta criollas, Ivonne canta... todo ese tipo de cosas..." |
| 586 ## - NOTA DE PREMIOS | |
| Nota de premios | Orden de los Dominicos de Duarte de Sánchez y Mella de República Dominicana. |
| 586 ## - NOTA DE PREMIOS | |
| Nota de premios | Orden del Mérito de Italia. |
| 650 #0 - PUNTO DE ACCESO ADICIONAL DE MATERIA--TÉRMINO DE MATERIA | |
| Término de materia o nombre geográfico como elemento de entrada | Música |
| 9 (RLIN) | 2775 |
| Subdivisión de forma | Publicaciones periódicas |
| Subdivisión geográfica | República Dominicana |
| 773 0# - ENLACE AL DOCUMENTO FUENTE/ENTRADA DE REGISTRO ANFITRIÓN | |
| Número bibliográfico anfitrión | 37028 |
| Número de ítem anfitrión | 284146 |
| Otro identificador del documento | 37538-2-12-1 |
| Título | Vetas : |
| Número de control del registro | (DO-SdBNP)000037538 |
| 942 ## - ELEMENTOS DE PUNTO DE ACCESO ADICIONAL (KOHA) | |
| Fuente del sistema de clasificación o colocación | Dewey Decimal Classification |
| Tipo de ítem Koha | Publicación periódica |
No items available.
